Culture Shock! : Greece.
| Main Author: | |
|---|---|
| Format: | Book |
| Published: |
Singapore:
Times Books International,
1997.
|
| Subjects: |
| LEADER | 00510cam a2200169 7i4500 | ||
|---|---|---|---|
| 001 | 0000010199 | ||
| 005 | 20011015090000.0 | ||
| 020 | 0 | 0 | |a 9812040544 |
| 090 | 0 | 0 | |a GREC 338.7 |b RAW |
| 100 | 1 | 0 | |a Rawlins |
| 245 | 1 | 0 | |a Culture Shock! : |b Greece. |
| 260 | 0 | 0 | |a Singapore: |b Times Books International, |c 1997. |
| 300 | # | # | |a 296 p. |
| 650 | 0 | 0 | |a Business -- |x Guidebooks -- |z Greece |
| 650 | 0 | 0 | |a Voyages and travels -- |x Guidebooks -- |z Greece |
| 651 | 0 | 0 | |a Greece |
| 999 | |a B000012749 |b Book |c Countries |e Business Information Centre | ||


